000
00342pab a2200145 454500
008
180718b1998 xxu||||| |||| 00| 0 eng d
100
_a
Ellis, Robert L.
245
_a
QDF: a tool to sharpen measurement
260
_c
1998
300
_a
p.33-36,23
362
_a
Summer
650
_a
Management
773
_a
Public Manager
909
_a
38871
999
_c
38871
_d
38871